Catálogo público

Utilización agroindustrial del nopal / (Record no. 182815)

MARC details
000 -CABECERA
campo de control de longitud fija 00462nam a2200157Ia 4500
001 - NÚMERO DE CONTROL
campo de control IA_3574,01/08/2007,01/08/2007,0000002006 a 0000000000spa00,"
008 - DATOS DE LONGITUD FIJA--INFORMACIÓN GENERAL
campo de control de longitud fija 220117s xx 000 0 und d
010 ## - NÚMERO DE CONTROL DE LA BIBLIOTECA DEL CONGRESO
Número de control de LC 182815
020 ## - NÚMERO INTERNACIONAL ESTÁNDAR DEL LIBRO
Número Internacional Estándar del Libro 92-5-305518-9
082 ## - NÚMERO DE LA CLASIFICACIÓN DECIMAL DEWEY
Número de clasificación 630 F3Y V.162
110 ## - ENTRADA PRINCIPAL--NOMBRE DE ENTIDAD CORPORATIVA
Nombre de entidad corporativa o nombre de jurisdicción como elemento de entrada FAO
9 (RLIN) 39428
245 ## - MENCIÓN DE TÍTULO
Título Utilización agroindustrial del nopal /
Mención de responsabilidad, etc. FAO
500 ## - NOTA GENERAL
Nota general Fotocopia
650 ## - PUNTO DE ACCESO ADICIONAL DE MATERIA--TÉRMINO DE MATERIA
Término de materia o nombre geográfico como elemento de entrada nopal
Subdivisión general industria
9 (RLIN) 81676

No items available.